Modern Bengal (Record no. 412433)

000 -LEADER
fixed length control field 00336cam a22001217a 4500
008 - FIXED-LENGTH DATA ELEMENTS--GENERAL INFORMATION
fixed length control field 180718b1959 xxu||||| |||| 00| 0 eng d
082 ## - DEWEY DECIMAL CLASSIFICATION NUMBER
Classification number A6x5412 B651
100 ## - MAIN ENTRY--PERSONAL NAME
Personal name Bose, Nirmal Kumar
245 ## - TITLE STATEMENT
Title Modern Bengal
Statement of responsibility, etc. by Nirmal Kumar Bose
260 ## - PUBLICATION, DISTRIBUTION, ETC.
Place of publication, distribution, etc. California
Name of publisher, distributor, etc. University of California
Date of publication, distribution, etc. 1959
300 ## - PHYSICAL DESCRIPTION
Extent 67p.
650 ## - SUBJECT ADDED ENTRY--TOPICAL TERM
Topical term or geographic name entry element Modern- Bengal
Holdings
Withdrawn status Lost status Damaged status Not for loan Permanent Location Current Location Date acquired Full call number Barcode Date last seen Price effective from Koha item type
        Indian Institute of Public Administration Indian Institute of Public Administration 2009-02-05 A6x5412 B651 4021 2018-07-21 2018-07-21 Book

Powered by Koha